| 000 | 00682nam a2200229 4500 | ||
|---|---|---|---|
| 003 | OSt | ||
| 005 | 20240610025806.0 | ||
| 006 | a | ||
| 008 | 240610b |||||||| |||| 00| 0 eng d | ||
| 020 | _a9789712724558 | ||
| 040 |
_aDWCL-Main lib. _cOC |
||
| 082 |
_2eighth edition _aFil. 420.72 M215e 2011 |
||
| 100 | _aMalicsi, Jonathan | ||
| 245 | _aThe English linguistics project : English workbook / | ||
| 250 | _aeighth edition | ||
| 260 |
_aMandaluyong City, Phils. : _bAnvil, _cc2011. |
||
| 300 |
_av, _b314 p. ; _c25 cm. |
||
| 650 | _a1. Linguistics–Study and teaching. | ||
| 650 | _a2. English language. | ||
| 700 | _aJonathan Malicsi | ||
| 942 |
_2ddc _n0 _cBK - FIL _kFil. |
||
| 999 |
_c439 _d439 |
||